[Event "Rated Blitz game"]
[Site "?"]
[Date "2021.01.12"]
[Round "?"]
[White "stipunski"]
[Black "KamranShirazi"]
[Result "1-0"]
[WhiteElo "2488"]
[BlackElo "2465"]
[PlyCount "129"]
[EventDate "2021.??.??"]
[EventType "blitz"]

1. e4 e5 2. Nf3 d5 3. exd5 e4 4. Qe2 f5 5. d3 Nf6 6. Nbd2 Bb4 7. c3 O-O 8. cxb4
exf3 9. Nxf3 Re8 10. Be3 f4 11. O-O-O fxe3 12. fxe3 Nxd5 13. e4 Nxb4 14. a3 a5
15. axb4 axb4 16. Kd2 Nc6 17. Ke1 Nd4 18. Nxd4 Qxd4 19. Qf2 Qe5 20. Qd2 Ra2 21.
Rb1 Be6 22. Be2 c5 23. g3 Bh3 24. Bf1 Bxf1 25. Rxf1 c4 26. Qxb4 cxd3 27. Qb3+
Qe6 28. Qxe6+ Rxe6 29. Kd2 Rxe4 30. Kxd3 Rb4 31. Rf2 Rb3+ 32. Kc2 Re3 33. Rd1
h6 34. Rd7 Ra6 35. Rxb7 Rc6+ 36. Kb1 Re1+ 37. Ka2 Ra6+ 38. Kb3 Re3+ 39. Kc4
Rc6+ 40. Kd5 Rg6 41. b4 Rg4 42. Rb2 Rg5+ 43. Kd4 Re6 44. b5 Rd6+ 45. Kc4 Rg4+
46. Kc5 Rgd4 47. b6 R6d5+ 48. Kc6 Rd6+ 49. Kc7 Rd7+ 50. Kb8 Rd8+ 51. Kc7 R4d7+
52. Kc6 Rd6+ 53. Kc7 Rd5 54. Rb8 R5d7+ 55. Kc6 Rd6+ 56. Kc7 R6d7+ 57. Kc6 Rd4
58. Rxd8+ Rxd8 59. b7 Rd4 60. b8=Q+ Kf7 61. Qe5 Rc4+ 62. Kd5 Rc7 63. Qe6+ Kf8
64. Rb8+ Rc8 65. Rxc8# {Normal} 1-0

[Event "Rated Blitz game"]
[Site "?"]
[Date "2021.01.12"]
[Round "?"]
[White "davidboulay1979"]
[Black "Tayota"]
[Result "0-1"]
[WhiteElo "2324"]
[BlackElo "2400"]
[PlyCount "36"]
[EventDate "2021.??.??"]
[EventType "blitz"]

1. e4 e5 2. Nf3 d5 3. d3 dxe4 4. dxe4 Qxd1+ 5. Kxd1 Bg4 6. Be2 Nc6 7. c3 Bc5 8.
Be3 Bxe3 9. fxe3 Nge7 10. Nbd2 f6 11. Kc2 O-O-O 12. Rad1 Bh5 13. Nh4 Bxe2 14.
Rde1 Bh5 15. Nf5 Rhg8 16. Nf3 Bxf3 17. gxf3 Nxf5 18. exf5 e4 {Normal} 0-1

[Event "Rated Blitz game"]
[Site "?"]
[Date "2021.01.12"]
[Round "?"]
[White "Tandilensis"]
[Black "ferricerve"]
[Result "1-0"]
[WhiteElo "2459"]
[BlackElo "2490"]
[PlyCount "135"]
[EventDate "2021.??.??"]
[EventType "blitz"]

1. e4 e5 2. Nf3 d5 3. exd5 e4 4. Qe2 Nf6 5. d3 Qxd5 6. Nc3 Bb4 7. Nd2 Bxc3 8.
bxc3 O-O 9. dxe4 Qe5 10. Bb2 Nc6 11. g3 Bg4 12. f3 Be6 13. Bg2 Qc5 14. a4 Rfd8
15. Nb3 Qc4 16. Qxc4 Bxc4 17. Nd4 Ne5 18. Kf2 c5 19. Rad1 cxd4 20. cxd4 Nc6 21.
d5 Na5 22. Rhe1 Rac8 23. Bh3 Rc7 24. Be5 Re7 25. f4 Nd7 26. Bc7 Rc8 27. Bxa5
Ba6 28. Rd2 b6 29. Bb4 Rc5 30. d6 Re8 31. Bxd7 Rd8 32. Bxc5 bxc5 33. Bb5 f6 34.
a5 Bxb5 35. Rb1 a6 36. c4 Bxc4 37. d7 Bb5 38. Rc1 c4 39. Rd6 Kf7 40. Ke3 Ke7
41. e5 fxe5 42. fxe5 Rxd7 43. Rxd7+ Kxd7 44. Kd4 Ke6 45. Rf1 Ke7 46. Kd5 h6 47.
Rd1 h5 48. h4 g6 49. e6 Ba4 50. Rc1 Bb3 51. Rf1 c3+ 52. Ke5 c2 53. Rf7+ Ke8 54.
Rc7 Kd8 55. Kd6 Bxe6 56. Rxc2 Bc8 57. Rf2 Bf5 58. Rxf5 gxf5 59. Ke6 Kc7 60.
Kxf5 Kc6 61. Kg5 Kb5 62. Kxh5 Kxa5 63. g4 Kb5 64. g5 a5 65. g6 a4 66. g7 a3 67.
g8=Q a2 68. Qxa2 {Normal} 1-0

[Event "Rated Blitz game"]
[Site "?"]
[Date "2021.01.12"]
[Round "?"]
[White "maksonos2005"]
[Black "Fantastic_power06"]
[Result "1-0"]
[WhiteElo "2619"]
[BlackElo "2635"]
[PlyCount "45"]
[EventDate "2021.??.??"]
[EventType "blitz"]

1. e4 e5 2. Nf3 d5 3. exd5 e4 4. Qe2 Nf6 5. d3 Qxd5 6. Nbd2 Nc6 7. dxe4 Qc5 8.
e5 Nd5 9. Nb3 Qb6 10. c3 Bf5 11. g3 O-O-O 12. Nh4 Be6 13. Bg2 Be7 14. Nf3 Rhe8
15. O-O f6 16. Re1 fxe5 17. Nxe5 Nxe5 18. Qxe5 Bc5 19. Nxc5 Qxc5 20. Bg5 Rd6
21. c4 Bf7 22. Qxe8+ Bxe8 23. Bh3+ {Normal} 1-0

[Event "Rated Blitz game"]
[Site "?"]
[Date "2021.01.12"]
[Round "?"]
[White "hungzhao"]
[Black "Fantastic_power06"]
[Result "1-0"]
[WhiteElo "2674"]
[BlackElo "2617"]
[PlyCount "95"]
[EventDate "2021.??.??"]
[EventType "blitz"]

1. e4 e5 2. Nf3 d5 3. d3 Nc6 4. exd5 Qxd5 5. Nc3 Bb4 6. Bd2 Bxc3 7. Bxc3 Nf6 8.
Be2 Bg4 9. h3 Bh5 10. O-O O-O-O 11. Ng5 Bxe2 12. Qxe2 h6 13. Ne4 Nxe4 14. dxe4
Nd4 15. Bxd4 Qxd4 16. c3 Qd2 17. Qg4+ Kb8 18. Qxg7 Qf4 19. Qg3 Qxe4 20. Rae1
Qc2 21. Rxe5 Rhg8 22. Qf3 Qxb2 23. a4 Qa2 24. a5 a6 25. Rf5 Rge8 26. Rxf7 Qxa5
27. Rb1 b6 28. Qc6 Rc8 29. Rxc7 Rxc7 30. Rxb6+ Qxb6 31. Qxb6+ Rb7 32. Qxa6 h5
33. Qd6+ Ka7 34. Qc5+ Kb8 35. Qxh5 Rc8 36. Qe5+ Rbc7 37. h4 Kb7 38. Qb5+ Ka7
39. h5 Rc5 40. Qa4+ Kb7 41. Qb4+ Kc6 42. Qe4+ Kb6 43. h6 Rc4 44. Qe3+ Kb7 45.
h7 Rxc3 46. Qxc3 Rxc3 47. h8=Q Rc7 48. Qb2+ {Normal} 1-0

[Event "Rated Blitz game"]
[Site "?"]
[Date "2021.01.12"]
[Round "?"]
[White "without_face"]
[Black "Fantastic_power06"]
[Result "0-1"]
[WhiteElo "2510"]
[BlackElo "2634"]
[PlyCount "64"]
[EventDate "2021.??.??"]
[EventType "blitz"]

1. e4 e5 2. Nf3 d5 3. exd5 e4 4. Qe2 Nf6 5. d3 Qxd5 6. Nbd2 Nc6 7. dxe4 Qc5 8.
Nb3 Qb4+ 9. c3 Qxe4 10. Qxe4+ Nxe4 11. Be3 Bd6 12. O-O-O O-O 13. Nbd4 Nxd4 14.
Nxd4 a6 15. f3 Nf6 16. Bd3 Re8 17. Bd2 Bd7 18. Rde1 Rad8 19. Kc2 Nd5 20. Nf5
Bf4 21. Rxe8+ Rxe8 22. g3 Bxd2 23. Kxd2 Nb6 24. Re1 Rxe1 25. Kxe1 Na4 26. Ne7+
Kf8 27. Nd5 c6 28. b3 Nb2 29. Be2 cxd5 30. Kd2 Bf5 31. g4 Bb1 32. Kc1 Bd3 {
Time forfeit} 0-1

[Event "Rated Blitz tournament Ypc3ksFW"]
[Site "?"]
[Date "2021.01.12"]
[Round "?"]
[White "Clapa2020"]
[Black "olarovfan"]
[Result "1-0"]
[WhiteElo "2255"]
[BlackElo "2459"]
[PlyCount "97"]
[EventDate "2021.??.??"]
[EventType "blitz"]

1. e4 e5 2. Nf3 d5 3. d4 dxe4 4. Nxe5 Bd6 5. f4 exf3 6. Qxf3 Nf6 7. Bc4 Bxe5 8.
dxe5 Bg4 9. Qd3 Qxd3 10. Bxd3 Nfd7 11. Bf4 Nc6 12. Bb5 Nd4 13. Bxd7+ Kxd7 14.
Na3 Rae8 15. h3 g5 16. Bh2 Bh5 17. g4 Nf3+ 18. Kf2 Bxg4 19. hxg4 Nxh2 20. Rxh2
Rxe5 21. Re1 Rxe1 22. Kxe1 Re8+ 23. Kf2 Re4 24. Kf3 Rb4 25. b3 Rf4+ 26. Kg3 a6
27. Rxh7 b5 28. c4 b4 29. Nc2 a5 30. Ne3 Rd4 31. Rxf7+ Ke6 32. Rf2 Ke5 33. Nf5
Rd3+ 34. Rf3 Rd2 35. Rf2 Rd3+ 36. Kg2 a4 37. bxa4 Rc3 38. Re2+ Kf4 39. a5 Rxc4
40. Rb2 c5 41. a6 Rc3 42. Rb3 Rc2+ 43. Kf1 Rxa2 44. Rd3 Rxa6 45. Rd5 Ra1+ 46.
Ke2 Rc1 47. Kd2 Rc3 48. Nd6 Kxg4 49. Ne4 {Time forfeit} 1-0

[Event "Rated Blitz game"]
[Site "?"]
[Date "2021.01.12"]
[Round "?"]
[White "vasiljev_alex2020"]
[Black "Tayota"]
[Result "1-0"]
[WhiteElo "2404"]
[BlackElo "2413"]
[PlyCount "81"]
[EventDate "2021.??.??"]
[EventType "blitz"]

1. e4 e5 2. Nf3 d5 3. Nxe5 Qe7 4. d4 f6 5. Nd3 Nc6 6. c3 Bf5 7. Be2 Bxe4 8. O-O
Qf7 9. Nf4 Bd6 10. f3 Bg6 11. Bb5 Nge7 12. Re1 O-O 13. Ne6 Rfc8 14. Bf4 Bxf4
15. Nxf4 Nf5 16. Nd2 Re8 17. Qa4 Qd7 18. Nxd5 a6 19. Bxc6 bxc6 20. Nf4 Ne3 21.
Nxg6 hxg6 22. Re2 Nd5 23. Rae1 Nf4 24. Re4 g5 25. Nb3 f5 26. Qc4+ Kh8 27. Nc5
Qd8 28. Rxe8+ Qxe8 29. Rxe8+ Rxe8 30. Qf7 Re2 31. Qf8+ Kh7 32. Qxf5+ g6 33.
Qxg5 Nd5 34. h4 Rxb2 35. h5 gxh5 36. Qxh5+ Kg8 37. Qg4+ Kh7 38. Qd7+ Kg8 39.
Qxc6 Nxc3 40. Qxc7 Ne2+ 41. Kh2 {Normal} 1-0

[Event "Rated Blitz game"]
[Site "?"]
[Date "2021.01.12"]
[Round "?"]
[White "filolog"]
[Black "batasjon"]
[Result "1-0"]
[WhiteElo "2559"]
[BlackElo "2379"]
[PlyCount "41"]
[EventDate "2021.??.??"]
[EventType "blitz"]

1. e4 e5 2. Nf3 d5 3. exd5 e4 4. Qe2 Nf6 5. d3 Qxd5 6. Nfd2 Nc6 7. Nc3 Qe5 8.
Ndxe4 Be7 9. Nxf6+ Qxf6 10. Nd5 Qd6 11. Nxe7 Nxe7 12. Qe4 O-O 13. Bf4 Qf6 14.
Qe5 Qc6 15. O-O-O Nd5 16. Bd2 Re8 17. Qg3 Be6 18. Bh6 Bg4 19. Bxg7 Bxd1 20.
Bf6+ Kf8 21. Qg7# {Normal} 1-0

[Event "Rated Blitz game"]
[Site "?"]
[Date "2021.01.12"]
[Round "?"]
[White "Colmen"]
[Black "Tayota"]
[Result "1-0"]
[WhiteElo "2513"]
[BlackElo "2411"]
[PlyCount "79"]
[EventDate "2021.??.??"]
[EventType "blitz"]

1. e4 e5 2. Nf3 d5 3. Nxe5 Qe7 4. d4 f6 5. Nd3 Nc6 6. c3 Bf5 7. Be2 Bxe4 8. O-O
Qf7 9. f3 Bf5 10. a4 Bd6 11. b4 Nge7 12. Nc5 Bxc5 13. bxc5 O-O 14. Rf2 Qg6 15.
Nd2 Rae8 16. Nf1 Bc8 17. f4 Nf5 18. Bh5 Qh6 19. Bxe8 Rxe8 20. Ng3 Nce7 21. Qh5
Qxh5 22. Nxh5 Ng6 23. Bd2 b6 24. c6 Re6 25. g4 Nfh4 26. f5 Rxc6 27. fxg6 hxg6
28. Ng3 Bxg4 29. Raf1 Bh3 30. Re1 Rc4 31. Re8+ Kh7 32. Re7 Rxa4 33. Rxf6 Ra1+
34. Kf2 Ra2 35. Ke2 Bg4+ 36. Kd3 Nf3 37. Bc1 Ne1+ 38. Rxe1 Bc8 39. Re7 Ba6+ 40.
Ke3 {Normal} 1-0

[Event "Rated Blitz game"]
[Site "?"]
[Date "2021.01.12"]
[Round "?"]
[White "Crazy_Lemon_Grass"]
[Black "Tayota"]
[Result "1-0"]
[WhiteElo "2238"]
[BlackElo "2401"]
[PlyCount "77"]
[EventDate "2021.??.??"]
[EventType "blitz"]

1. e4 e5 2. Nf3 d5 3. exd5 e4 4. Ne5 Bd6 5. d4 Nf6 6. Nc3 h6 7. Bc4 O-O 8. h3
a6 9. a3 Bf5 10. g4 Bh7 11. g5 hxg5 12. Bxg5 Re8 13. Qe2 b5 14. Ba2 b4 15. axb4
Bxb4 16. Rg1 c5 17. dxc6 Qxd4 18. Bxf6 Bxc3+ 19. Kf1 Rxe5 20. Rxg7+ Kf8 21.
Rxf7+ Ke8 22. Rxh7 Nxc6 23. Rh8+ Kd7 24. Rxa8 e3 25. Rd1 Bd2 26. fxe3 Rf5+ 27.
Kg1 Qxf6 28. Rxd2+ Kc7 29. Bd5 Qg5+ 30. Bg2 Ne5 31. Ra7+ Kb8 32. Rb7+ Kc8 33.
Ra7 Nf3+ 34. Kh1 Nxd2 35. Qxa6+ Kd8 36. Qd6+ Ke8 37. Qb8+ Qd8 38. Bc6+ Kf8 39.
Qxd8# {Normal} 1-0

[Event "Rated Blitz game"]
[Site "?"]
[Date "2021.01.12"]
[Round "?"]
[White "retrostail"]
[Black "Tayota"]
[Result "0-1"]
[WhiteElo "2449"]
[BlackElo "2379"]
[PlyCount "94"]
[EventDate "2021.??.??"]
[EventType "blitz"]

1. e4 e5 2. Nf3 d5 3. Nxe5 Qe7 4. d4 f6 5. Nd3 dxe4 6. Nf4 Nc6 7. Bc4 f5 8.
Qh5+ Kd8 9. Nd5 Qd6 10. Bf4 Qg6 11. Bxc7+ Ke8 12. Qd1 Be6 13. Bf4 Bxd5 14. Bxd5
Nge7 15. Bb3 Rd8 16. c3 Qxg2 17. Rf1 g5 18. Qh5+ Ng6 19. Bxg5 Be7 20. Bh6 f4
21. Qf5 Rd6 22. Bf7+ Kd8 23. Bxf4 Nxf4 24. Qxf4 Rf6 25. Qg3 Qf3 26. Qxf3 exf3
27. Bd5 Rg8 28. Nd2 Rg2 29. Nxf3 Rd6 30. Bxc6 Rxc6 31. Ne5 Rb6 32. b4 Rxh2 33.
Kd2 Bf6 34. Rae1 a5 35. a3 axb4 36. axb4 Ra6 37. Kd3 Ra2 38. f4 Rhd2+ 39. Kc4
Rac2 40. Rf3 h5 41. Rh1 h4 42. Ng6 Rxd4+ 43. Kb3 Rdd2 44. Nxh4 b5 45. Rb1 Bxh4
46. Rh3 Bf6 47. Rh5 Rxc3# {Normal} 0-1

[Event "Rated Blitz game"]
[Site "?"]
[Date "2021.01.12"]
[Round "?"]
[White "Maghreb"]
[Black "Tayota"]
[Result "1-0"]
[WhiteElo "2455"]
[BlackElo "2387"]
[PlyCount "125"]
[EventDate "2021.??.??"]
[EventType "blitz"]

1. e4 e5 2. Nf3 d5 3. exd5 e4 4. Qe2 f5 5. d3 Nf6 6. Nc3 Bb4 7. dxe4 Bxc3+ 8.
bxc3 fxe4 9. Nd4 O-O 10. c4 c5 11. Nb3 Bf5 12. Be3 Nbd7 13. Qd2 a5 14. a4 Bg4
15. Be2 Bxe2 16. Qxe2 Ne5 17. O-O b6 18. Bf4 Ng6 19. Bg3 Re8 20. Rab1 Qd7 21.
Nd2 Ra6 22. Rb3 Qxa4 23. Rfb1 h5 24. h3 h4 25. Bc7 Nf4 26. Bxf4 Qa2 27. R3b2
Qa4 28. Kf1 Raa8 29. Kg1 Rad8 30. Nf1 e3 31. Nxe3 Ne4 32. Qd3 Qd7 33. Rxb6 Qf7
34. g3 Nxf2 35. Kxf2 hxg3+ 36. Kxg3 Rf8 37. Rf1 Rde8 38. Re6 Rxe6 39. dxe6 Qxe6
40. Qd6 Qc8 41. Qd5+ Kh8 42. Qh5+ Kg8 43. Bd6 Rxf1 44. Nxf1 Qd8 45. Qd5+ Kh8
46. Ne3 Qe8 47. Ng4 Qe1+ 48. Kf4 Qc1+ 49. Kf5 Qxc2+ 50. Ke6 Qe2+ 51. Kd7 Kh7
52. Qh5+ Kg8 53. Qe8+ Qxe8+ 54. Kxe8 Kh7 55. Bxc5 Kg6 56. Ba3 Kf5 57. c5 Kf4
58. c6 Kg3 59. c7 Kxh3 60. c8=Q g5 61. Qf5 a4 62. Ne3+ Kh4 63. Qg4# {Normal}
1-0

[Event "Rated Blitz game"]
[Site "?"]
[Date "2021.01.12"]
[Round "?"]
[White "IllBeatYou"]
[Black "batasjon"]
[Result "0-1"]
[WhiteElo "2522"]
[BlackElo "2352"]
[PlyCount "58"]
[EventDate "2021.??.??"]
[EventType "blitz"]

1. e4 e5 2. Nf3 d5 3. exd5 e4 4. Qe2 Nf6 5. Nc3 Be7 6. Nxe4 O-O 7. d3 Re8 8.
Be3 Nxd5 9. O-O-O f5 10. g4 Nxe3 11. Qxe3 fxe4 12. dxe4 Nd7 13. Bc4+ Kh8 14.
Ne5 Nxe5 15. Rxd8 Rxd8 16. Be2 Bxg4 17. f3 Bh5 18. Rd1 Rxd1+ 19. Bxd1 Rf8 20.
Qxa7 Bg5+ 21. Kb1 Rd8 22. Be2 h6 23. a4 Rd2 24. Qb8+ Kh7 25. Qxc7 Bf4 26. Bb5
Bf7 27. b3 Rd1+ 28. Ka2 Ng6 29. Qxb7 Be5 {Normal} 0-1

[Event "Rated Blitz game"]
[Site "?"]
[Date "2021.01.12"]
[Round "?"]
[White "Genius_007"]
[Black "Tayota"]
[Result "0-1"]
[WhiteElo "2402"]
[BlackElo "2396"]
[PlyCount "68"]
[EventDate "2021.??.??"]
[EventType "blitz"]

1. e4 e5 2. Nf3 d5 3. Nc3 dxe4 4. Nxe4 f5 5. Nc3 e4 6. Ng1 Bc5 7. d3 Nf6 8.
dxe4 Qxd1+ 9. Nxd1 Nxe4 10. Bd3 Nc6 11. Nf3 Be6 12. O-O h6 13. Be3 Bd6 14. Re1
O-O 15. Bxe4 fxe4 16. Nd2 Nb4 17. Rc1 Nxa2 18. Rb1 Nb4 19. c3 Nd3 20. Rf1 Bd5
21. c4 Bc6 22. Nc3 Rae8 23. b3 Bb4 24. Ne2 a5 25. Nd4 Bd7 26. Nc2 Bc5 27. Bxc5
Nxc5 28. Ne3 c6 29. b4 axb4 30. Rxb4 b5 31. cxb5 cxb5 32. Rc1 Nd3 33. Rd4 Nxc1
34. Rxd7 Rd8 {Normal} 0-1

[Event "Rated Blitz tournament Ypc3ksFW"]
[Site "?"]
[Date "2021.01.12"]
[Round "?"]
[White "unpazajedrez"]
[Black "olarovfan"]
[Result "0-1"]
[WhiteElo "2252"]
[BlackElo "2464"]
[PlyCount "60"]
[EventDate "2021.??.??"]
[EventType "blitz"]

1. e4 e5 2. Nf3 d5 3. Nc3 dxe4 4. Nxe4 Nc6 5. Bb5 Bd7 6. O-O f5 7. Ng3 e4 8.
Bxc6 Bxc6 9. Ne5 Qd5 10. Qh5+ g6 11. Nxg6 Nf6 12. Qh3 hxg6 13. Qxh8 Qf7 14. d3
O-O-O 15. Bg5 Bg7 16. Qh4 Rh8 17. Qf4 Ng4 18. h4 Be5 19. Qd2 e3 20. Bxe3 Qd5
21. Ne4 fxe4 22. Qe2 Bh2+ 23. Kh1 Rxh4 24. Qxg4+ Rxg4 25. Kxh2 Qh5+ 26. Kg1 Qh3
27. g3 Rxg3+ 28. fxg3 Qxg3+ 29. Kh1 exd3+ 30. Rf3 Bxf3# {Normal} 0-1

[Event "Rated Blitz game"]
[Site "?"]
[Date "2021.01.12"]
[Round "?"]
[White "Vyka"]
[Black "batasjon"]
[Result "0-1"]
[WhiteElo "2550"]
[BlackElo "2381"]
[PlyCount "118"]
[EventDate "2021.??.??"]
[EventType "blitz"]

1. e4 e5 2. Nf3 d5 3. Nxe5 Bd6 4. d4 dxe4 5. Bc4 Bxe5 6. Qh5 Qe7 7. Qxe5 Qxe5
8. dxe5 Ne7 9. Nc3 O-O 10. Nxe4 Nbc6 11. f4 Bf5 12. Bd3 Nb4 13. Bd2 Nxd3+ 14.
cxd3 Rad8 15. Ke2 Rd5 16. Bb4 Re8 17. Bxe7 Rxe7 18. Ke3 Red7 19. Rad1 Rd4 20.
Nf2 h5 21. g3 c5 22. h3 a5 23. g4 Be6 24. b3 a4 25. Rc1 b6 26. Rc3 axb3 27.
axb3 Ra7 28. Rd1 Ra2 29. Rdc1 Rb2 30. R1c2 Rb1 31. Rc1 Rb2 32. R1c2 Rb1 33. f5
Bxb3 34. Rc1 Rb2 35. Ra1 Rd8 36. Ra6 Bd5 37. g5 Rb4 38. Ne4 Re8 39. Kf4 g6 40.
f6 Rd8 41. h4 Be6 42. Rca3 Rbd4 43. Ra8 b5 44. Rxd8+ Rxd8 45. Ke3 b4 46. Ra5
Rb8 47. Nxc5 b3 48. Nxe6 b2 49. Nf4 b1=Q 50. Rd5 Qg1+ 51. Ke4 Rb4+ 52. d4 Qe1+
53. Kd3 Rb3+ 54. Kc2 Qc3+ 55. Kd1 Rb1+ 56. Ke2 Re1+ 57. Kf2 Qe3+ 58. Kg2 Rg1+
59. Kh2 Qg3# {Normal} 0-1

[Event "Rated Blitz game"]
[Site "?"]
[Date "2021.01.12"]
[Round "?"]
[White "Blitzer14"]
[Black "Tayota"]
[Result "1-0"]
[WhiteElo "2283"]
[BlackElo "2418"]
[PlyCount "99"]
[EventDate "2021.??.??"]
[EventType "blitz"]

1. e4 e5 2. Nf3 d5 3. exd5 e4 4. Nd4 c5 5. Nb3 f5 6. Nc3 Nf6 7. Bb5+ Nbd7 8. d3
Bd6 9. dxe4 Nxe4 10. Nxe4 fxe4 11. Be3 O-O 12. Qh5 Nf6 13. Qh4 b6 14. O-O-O Bf5
15. Bc4 a6 16. a4 b5 17. axb5 axb5 18. Bxb5 Rb8 19. Bc4 Qb6 20. Bg5 Qb4 21.
Bxf6 Qxc4 22. Bc3 Bg6 23. g3 Rxf2 24. Qg4 Rxb3 25. Qe6+ Kh8 26. Qxd6 h6 27.
Qxg6 Rxc3 28. bxc3 Qxc3 29. Qe8+ Kh7 30. Qxe4+ g6 31. Kb1 Rf7 32. d6 Ra7 33.
Qe7+ Rxe7 34. dxe7 Qb4+ 35. Kc1 Qa3+ 36. Kd2 Qb4+ 37. Ke2 Qe4+ 38. Kf2 Qxe7 39.
Rhe1 Qa7 40. Re3 c4 41. Rde1 h5 42. Kg2 Kh6 43. h4 Qa2 44. R1e2 c3 45. Kh2 Qb2
46. Re8 Qb4 47. R2e7 g5 48. Rh8+ Kg6 49. Rg8+ Kf6 50. hxg5+ {Time forfeit} 1-0

[Event "Rated Blitz game"]
[Site "?"]
[Date "2021.01.12"]
[Round "?"]
[White "Made_in_KG"]
[Black "Tayota"]
[Result "0-1"]
[WhiteElo "2485"]
[BlackElo "2356"]
[PlyCount "40"]
[EventDate "2021.??.??"]
[EventType "blitz"]

1. e4 e5 2. Nf3 d5 3. Nxe5 Qe7 4. d4 f6 5. Ng4 Nc6 6. e5 Bxg4 7. Qxg4 fxe5 8.
dxe5 Nxe5 9. Qh5+ g6 10. Qe2 Bg7 11. Bf4 Nh6 12. Nc3 c6 13. O-O-O Nf5 14. f3
O-O 15. Re1 Rae8 16. g4 Nd4 17. Qe3 Ndxf3 18. Bg2 Nxe1 19. Rxe1 Qh4 20. Bg3
Qxg4 {Normal} 0-1

[Event "Rated Blitz game"]
[Site "?"]
[Date "2021.01.12"]
[Round "?"]
[White "TheUnknownOnex"]
[Black "kassisov"]
[Result "0-1"]
[WhiteElo "2417"]
[BlackElo "2399"]
[PlyCount "112"]
[EventDate "2021.??.??"]
[EventType "blitz"]

1. e4 e5 2. Nf3 d5 3. Nxe5 dxe4 4. d4 Bd6 5. Nc4 Nf6 6. Be2 O-O 7. O-O Bf5 8.
Ne3 Bg6 9. c4 Nc6 10. Nc3 Bf4 11. Ned5 Nxd5 12. cxd5 Bxc1 13. Rxc1 Ne7 14. Qb3
b6 15. Ba6 Nf5 16. Qc4 e3 17. Nb5 exf2+ 18. Rxf2 Qg5 19. Nxc7 Rad8 20. Kh1 Qh4
21. Rd2 Ng3+ 22. Kg1 Ne4 23. Re2 Bh5 24. Rec2 Rd6 25. Qd3 Bg6 26. Qh3 Qxh3 27.
gxh3 Ng5 28. Rc3 h6 29. h4 Ne4 30. Re3 f5 31. Rce1 Kh7 32. Bc4 Rc8 33. Nb5 Rxc4
34. Nxd6 Nxd6 35. Re6 Ne4 36. d6 Rxd4 37. Re7 Rxd6 38. Rxa7 h5 39. Rc1 Kh6 40.
a4 Nc5 41. b4 Nd3 42. Rd1 f4 43. a5 Be4 44. axb6 Rxb6 45. Rb1 Rg6+ 46. Kf1 Rb6
47. b5 Nc5 48. Ra6 Nxa6 49. Re1 Bd3+ 50. Kf2 Rxb5 51. Kf3 Rb4 52. Re6+ Bg6 53.
Rxa6 Rb3+ 54. Kxf4 Rb4+ 55. Kf3 Rb3+ 56. Kf4 Rb4+ {Time forfeit} 0-1

[Event "Rated Blitz game"]
[Site "?"]
[Date "2021.01.12"]
[Round "?"]
[White "riverplatano"]
[Black "Tayota"]
[Result "0-1"]
[WhiteElo "2278"]
[BlackElo "2401"]
[PlyCount "42"]
[EventDate "2021.??.??"]
[EventType "blitz"]

1. e4 e5 2. Nf3 d5 3. Nxe5 Qe7 4. d4 f6 5. Qh5+ g6 6. Nxg6 Qxe4+ 7. Be2 Qxg6 8.
Qxd5 Ne7 9. Qc4 Nbc6 10. O-O Bf5 11. d5 Be4 12. f3 Bxd5 13. Qb5 O-O-O 14. Nc3
a6 15. Qa4 Kb8 16. Nxd5 Nxd5 17. Bxa6 Rg8 18. g3 Bc5+ 19. Kg2 Nb6 20. Qb5 Qxc2+
21. Kh1 Nd4 {Normal} 0-1

[Event "Rated Blitz game"]
[Site "?"]
[Date "2021.01.12"]
[Round "?"]
[White "retrostail"]
[Black "Tayota"]
[Result "0-1"]
[WhiteElo "2441"]
[BlackElo "2387"]
[PlyCount "74"]
[EventDate "2021.??.??"]
[EventType "blitz"]

1. e4 e5 2. Nf3 d5 3. Nxe5 Qe7 4. d4 f6 5. Nd3 Nc6 6. Be3 dxe4 7. Nf4 f5 8. Bc4
Nf6 9. Nc3 a6 10. Ncd5 Nxd5 11. Nxd5 Qd8 12. c3 Bd6 13. Qh5+ g6 14. Qh6 Be6 15.
Bg5 Bxd5 16. Bxd8 Bxc4 17. Bf6 Bf8 18. Qh4 Rg8 19. Qxh7 Bf7 20. O-O-O Be7 21.
Bxe7 Nxe7 22. f3 e3 23. Rhe1 f4 24. Qh6 g5 25. g3 Rg6 26. Qh8+ Rg8 27. Qe5 Kd7
28. gxf4 Nc6 29. Qxe3 Rae8 30. Qd2 gxf4 31. Qxf4 Bxa2 32. Kc2 Bd5 33. Rxe8 Rxe8
34. Rd2 b5 35. h4 Na5 36. h5 Bb3+ 37. Kc1 Re1+ {Normal} 0-1

[Event "Rated Blitz game"]
[Site "?"]
[Date "2021.01.12"]
[Round "?"]
[White "gmhungaski"]
[Black "Tayota"]
[Result "1-0"]
[WhiteElo "2473"]
[BlackElo "2387"]
[PlyCount "87"]
[EventDate "2021.??.??"]
[EventType "blitz"]

1. e4 e5 2. Nf3 d5 3. Nxe5 Qe7 4. d4 f6 5. Nd3 Nc6 6. Be3 dxe4 7. Nf4 Bf5 8.
Bb5 a6 9. Bxc6+ bxc6 10. Nc3 Rb8 11. Rb1 Qd7 12. h3 Bd6 13. Qe2 Ne7 14. Qxa6
O-O 15. Qc4+ Kh8 16. a3 Ng6 17. Nxg6+ Bxg6 18. Ne2 f5 19. Bf4 Bh5 20. Bxd6 cxd6
21. Nf4 Bf7 22. Qc3 d5 23. h4 Qd6 24. g3 h6 25. h5 Rb6 26. b4 Rfb8 27. Rb3 Qf6
28. Qe3 Ra6 29. Kf1 Rba8 30. Kg2 Qg5 31. Rc3 Kh7 32. Ne2 Qg4 33. Nf4 Qg5 34.
Qe2 Rxa3 35. Rxc6 Rf3 36. Rh4 Raa3 37. c3 Rfxc3 38. Rxc3 Rxc3 39. Qb2 Rf3 40.
b5 e3 41. Kxf3 Qe7 42. fxe3 Qe4+ 43. Kf2 Be8 44. b6 {Normal} 1-0

[Event "Rated Blitz game"]
[Site "?"]
[Date "2021.01.12"]
[Round "?"]
[White "Elyon2000"]
[Black "Mettigel"]
[Result "1/2-1/2"]
[WhiteElo "2380"]
[BlackElo "2472"]
[PlyCount "118"]
[EventDate "2021.??.??"]
[EventType "blitz"]

1. e4 e5 2. Nf3 d5 3. Nc3 d4 4. Ne2 Bd6 5. Ng3 g6 6. Bc4 f6 7. d3 Qe7 8. h4 Be6
9. Bxe6 Qxe6 10. h5 g5 11. Nh2 Nd7 12. Qg4 Qxg4 13. Nxg4 h6 14. c4 Ne7 15. a3
a5 16. Bd2 a4 17. Ke2 Kf7 18. Rhb1 b6 19. b4 axb3 20. Rxb3 Kg7 21. Nf5+ Nxf5
22. exf5 Ra4 23. f3 Rha8 24. Nf2 Rxa3 25. Rbxa3 Rxa3 26. Rxa3 Bxa3 27. Kd1 Be7
28. Kc2 Kf7 29. Kb3 Ke8 30. Ka4 c6 31. Kb3 Kd8 32. Bb4 c5 33. Bd2 Kc7 34. Ka4
Kc6 35. Ng4 Bf8 36. Nf2 Bg7 37. Ne4 Nb8 38. Be1 Na6 39. Bd2 Nc7 40. Be1 b5+ 41.
cxb5+ Nxb5 42. Kb3 Nc7 43. Kc4 Nd5 44. Bd2 Nb6+ 45. Kb3 Kd5 46. Ba5 c4+ 47. Kb4
Bf8+ 48. Kb5 cxd3 49. Bxb6 Be7 50. Bc7 g4 51. Bb8 gxf3 52. gxf3 Bd8 53. Bd6 d2
54. Nxd2 Kxd6 55. Kc4 Kc6 56. Ne4 Be7 57. Nf2 Bf8 58. Ng4 Bg7 59. Nf2 Kd6 {
Normal} 1/2-1/2

[Event "Rated Blitz tournament MELw0vPI"]
[Site "?"]
[Date "2021.01.12"]
[Round "?"]
[White "espinozasgod"]
[Black "ShadovvHorse"]
[Result "1-0"]
[WhiteElo "2416"]
[BlackElo "2235"]
[PlyCount "127"]
[EventDate "2021.??.??"]
[EventType "blitz"]

1. e4 e5 2. Nf3 d5 3. Nxe5 Bd6 4. d4 dxe4 5. Nc4 Nf6 6. Nxd6+ cxd6 7. c4 d5 8.
c5 Nc6 9. Bf4 O-O 10. Be2 h6 11. O-O b6 12. Bb5 Bb7 13. Bxc6 Bxc6 14. b4 bxc5
15. bxc5 g5 16. Bd6 Re8 17. Nc3 Qd7 18. Rb1 e3 19. fxe3 Ng4 20. Qf3 Rxe3 21. h3
Rxf3 22. Rxf3 Re8 23. hxg4 Qxg4 24. Be5 f5 25. Nb5 Qe4 26. Rbb3 Rxe5 27. dxe5
Qxe5 28. Nxa7 Be8 29. Rfe3 Qd4 30. Kh2 Bf7 31. c6 Qxa7 32. Rec3 d4 33. c7 Be6
34. Rb8+ Kf7 35. c8=Q Bxc8 36. Rcxc8 d3 37. Rb2 Qe3 38. Rb7+ Kg6 39. Rd8 g4 40.
Rbd7 g3+ 41. Kh3 Qf4 42. Rg8+ Kh5 43. Rxd3 Qf1 44. Kxg3 Qxd3+ 45. Kh2 Qe4 46.
Rg3 Qf4 47. Kh3 Qe5 48. Rf3 f4 49. a3 Qf5+ 50. Kh2 Qg4 51. Kg1 Kg5 52. Kf2 Qh4+
53. Kg1 Qh5 54. Kf2 Qg6 55. Kg1 Qf5 56. Kf2 Qc5+ 57. Ke2 Kg4 58. Kd2 Qe5 59.
Kc2 Qd5 60. Kb2 Qe4 61. Kb3 Qd4 62. Rc3 Qd5+ 63. Kb4 Qd3 64. Rc4 {Time forfeit}
1-0